NBA teams Trevor Ariza has played for - Statistics

General Stats
  • This quiz has been taken 49 times
  • The average score is 8 of 10
Answer Stats
Years with team Answer % Correct
2008-2009 Los Angeles Lakers
98%
2010,2014-2018 Houston Rockets
93%
2013,2019 Washington Wizards
91%
2019 Phoenix Suns
86%
2021 Miami Heat
81%
2006-2008 Orlando Magic
77%
2011-2012 New Orleans Hornets
74%
2005-2006 New York Knicks
72%
2020 Sacramento Kings
72%
2020 Portland Trailblazers
70%
No matching quizzes found
Score Distribution
Percent of People with Each Score
Percentile by Number Answered
Your Score History
You have not taken this quiz